00704nam a2200169 a 450000500170000000800410001705000240005810000290008224500890011125000160020026000290021630000330024550000560027852001400033465000410047465000190051520140414093835.0030611s19uu xx 00 eng d aCD 780bSON 1998 #5 aSony Music Entertainment aThe Development of Western music. CD#5:ban anthology /cedited by K. Marie Stolba. a3rd edition aNew York :bMcGraw-Hill. a1 score (2 v.) ; 21 x 28 cm. aVolume 2. Preclassic through the twentieth century. a"Specifically designed to present music to be studied in conjunction with the text The development of Western music : a history"--Pref. aMusical analysisxMusic collections. aWestern music.